000 00957cam a2200265Ia 4500
001 u9318
003 SIRSI
005 20180220094406.0
008 990726s1997 enka b 001 0 eng d
020 _a0471962252 (pbk. : acidfree paper)
039 9 _y200203190950
_zload
040 _aEAL
050 _aQR181
_bE24 1997
100 1 _aEales, Lesley-Jane.
245 1 0 _aImmunology for life scientists :
_ba basic introduction : a student-centered learning approach /
_cLesley-Jane Eales.
260 _aChichester ;
_aNew York :
_bJohn Wiley & Sons,
_c1997.
300 _avii, 304 p. :
_bill. ;
_c25 cm. +
_e1 computer disk (3 1/2 in.)
504 _aIncludes bibliographical references (p. 271-287) and index.
538 _aSystem requirements for accompanying computer disk: PC; Microsoft Windows.
596 _a1
650 0 _aImmunology.
650 0 _aImmunopathology.
650 0 _aImmunity.
942 _cBK
_2lcc
999 _c35310
_d35310